[Event "ICS rated blitz match"]
[Site "204.178.125.65"]
[Date "1999.09.01"]
[Round "?"]
[White "Hossa"]
[Black "BarkingCow"]
[Result "0-1"]
[WhiteElo "2472"]
[BlackElo "2685"]
[PlyCount "134"]
[EventDate "1999.??.??"]

1. e4 e6 2. d4 d5 3. Nc3 dxe4 4. Nxe4 Nd7 5. Bd3 Ngf6 6. Nxf6+ Nxf6 7. Ne2 Bd6
8. Bg5 O-O 9. c3 Re8 10. f4 Bd7 11. O-O Bc6 12. Qc2 h6 13. Bxf6 Qxf6 14. Bh7+
Kh8 15. Be4 Bd5 16. c4 Bxe4 17. Qxe4 c6 18. Rf3 Qf5 19. Ng3 Qxe4 20. Nxe4 Rad8
21. Rd1 Bc7 22. g3 e5 23. fxe5 Bxe5 24. Rfd3 Bb8 25. Nc3 Rd7 26. d5 cxd5 27.
cxd5 Bd6 28. Kf2 Rde7 29. R1d2 g5 30. Rf3 Kg7 31. h3 h5 32. Kg2 g4 33. hxg4
hxg4 34. Rf5 Kg6 35. Rff2 Re3 36. Ne2 R8e4 37. Kh2 Rf3 38. Rg2 Re8 39. b3 Rh8+
40. Kg1 Bc5+ 41. Nd4 Rh3 42. b4 Bb6 43. a4 Rfxg3 44. a5 Rxg2+ 45. Kxg2 Bc7 46.
Re2 Rh2+ 47. Kf1 Rxe2 48. Kxe2 Bd6 49. Nb5 Bxb4 50. a6 bxa6 51. Nc7 f5 52. Ne6
Bd6 53. Ke3 a5 54. Nf4+ Bxf4+ 55. Kxf4 Kf6 56. d6 a4 57. Ke3 Ke6 58. Kf4 a3 59.
d7 Kxd7 60. Kg3 a2 61. Kh2 a1=Q 62. Kg3 Qe1+ 63. Kf4 g3 64. Kg5 g2 65. Kf4 g1=Q
66. Kxf5 Qe6+ 67. Kf4 67... Qge3# {Hossa checkmated} 0-1

[Event "ICS rated blitz match"]
[Site "204.178.125.65"]
[Date "1999.08.28"]
[Round "?"]
[White "Hossa"]
[Black "BarkingCow"]
[Result "0-1"]
[WhiteElo "2498"]
[BlackElo "2669"]
[PlyCount "128"]
[EventDate "1999.??.??"]

1. d4 d5 2. c4 e6 3. Nc3 Nf6 4. cxd5 Nxd5 5. e4 Nxc3 6. bxc3 c5 7. Bf4 cxd4 8.
Bxb8 Rxb8 9. Bb5+ Bd7 10. Qa4 Bxb5 11. Qxb5+ Qd7 12. Qxd7+ Kxd7 13. O-O-O Kc6
14. cxd4 Rc8 15. Nf3 Bb4 16. Kb1 Kd6 17. d5 Ke7 18. dxe6 fxe6 19. Rd3 Rhd8 20.
Rxd8 Rxd8 21. Rc1 Rd3 22. Rc4 Ba5 23. Kc2 Rd7 24. a4 a6 25. Nd4 Bb6 26. Kc3 e5
27. Nf5+ Ke6 28. f3 g6 29. Ng3 Ba5+ 30. Kb2 Rd2+ 31. Rc2 b5 32. Rxd2 Bxd2 33.
axb5 axb5 34. Nf1 Bg5 35. g3 Kd6 36. h4 Bh6 37. Kb3 Kc5 38. Nh2 Bd2 39. Ng4 Kd4
40. Nf6 h6 41. Nd5 Be1 42. g4 h5 43. Ne7 hxg4 44. fxg4 Bxh4 45. Nxg6 Be1 46. g5
Kxe4 47. Ne7 Bh4 48. g6 Bf6 49. Nc6 Kd5 50. Na7 Kc5 51. Kc3 e4+ 52. Kd2 b4 53.
Kc2 e3 54. Kd3 b3 55. g7 Bxg7 56. Ke2 b2 57. Nc8 Bd4 58. Ne7 b1=Q 59. Nc8 Qc2+
60. Kf3 Qf5+ 61. Ke2 Qf2+ 62. Kd3 e2 63. Na7 e1=N+ 64. Ke4 64... Qf3# {
Hossa checkmated} 0-1

[Event "ICS rated blitz match"]
[Site "204.178.125.65"]
[Date "1999.10.03"]
[Round "?"]
[White "Hossa"]
[Black "BeachCafeChamp"]
[Result "1-0"]
[WhiteElo "2388"]
[BlackElo "2093"]
[PlyCount "33"]
[EventDate "1999.??.??"]

1. e4 Nf6 2. Nc3 d5 3. exd5 Nxd5 4. Nxd5 Qxd5 5. Ne2 e5 6. Nc3 Qa5 7. Bc4 c6 8.
Qf3 Qc7 9. O-O Bc5 10. Ne4 Bb6 11. Bxf7+ Ke7 12. Bh5 Rf8 13. Qa3+ c5 14. d3 h6
15. b4 Nd7 16. bxc5 Nxc5 17. Be3 {BeachCafeChamp resigns} 1-0

[Event "ICS rated blitz match"]
[Site "204.178.125.65"]
[Date "1999.09.25"]
[Round "?"]
[White "Hossa"]
[Black "Beadle"]
[Result "1/2-1/2"]
[WhiteElo "2484"]
[BlackElo "2465"]
[PlyCount "195"]
[EventDate "1999.??.??"]

1. d4 d5 2. c4 dxc4 3. e4 e5 4. Nf3 exd4 5. Nxd4 Bb4+ 6. Nc3 Bxc3+ 7. bxc3 Qe7
8. f3 Nf6 9. Bxc4 O-O 10. O-O c5 11. Ba3 Rd8 12. Qb3 b6 13. Rad1 Qe8 14. Nb5
Rxd1 15. Rxd1 Qe7 16. Bxf7+ Kf8 17. Bd5 Nxd5 18. Qxd5 Bb7 19. Qd8+ Qxd8 20.
Rxd8+ Ke7 21. Rh8 Nd7 22. Rxa8 Bxa8 23. Nxa7 Ke6 24. Nb5 Bc6 25. Nc7+ Ke5 26.
Bb2 c4 27. Ba3 Nf6 28. Bf8 g6 29. Bg7 Kd6 30. Bxf6 Kxc7 31. Kf2 Bd7 32. Ke3 Kc6
33. Kd4 Be6 34. f4 b5 35. h3 Kd6 36. Be5+ Kc6 37. g4 Bf7 38. f5 gxf5 39. gxf5
Bh5 40. Bg7 Bf3 41. e5 Bg2 42. h4 Bh3 43. f6 Be6 44. h5 Bf7 45. h6 Kb6 46. Bf8
Bg8 47. Ke4 Kc6 48. Bb4 Bf7 49. Kd4 Bd5 50. Be7 Bf7 51. Bd6 Bd5 52. Bb4 Bf7 53.
Ba3 Bg8 54. Bc5 Bf7 55. Be7 Bd5 56. a3 Be6 57. Bb4 Bd5 58. Bf8 Be6 59. Be7 Bd5
60. Bb4 Be6 61. Ke3 Kd5 62. Kf4 Kc6 63. Be7 Kd5 64. Bd6 Kc6 65. Kg5 Kd5 66. Bb8
Ke4 67. f7 Bxf7 68. Kf6 Bh5 69. e6 Kd5 70. e7 Bg6 71. Kg7 Ke6 72. Kf8 Kd7 73.
Ba7 Bh5 74. Be3 Be8 75. Bd4 Bh5 76. Bc5 Bg6 77. Bb6 Be8 78. Bf2 Bh5 79. Bg1 Be8
80. Bb6 Bh5 81. Bd8 Bg6 82. Ba5 Be8 83. Bc7 Bh5 84. Bh2 Be8 85. Bg3 Bg6 86. Bf4
Be8 87. Bd2 Bh5 88. Bg5 Be8 89. Bf6 Bh5 90. Be5 Be8 91. Bg7 Bh5 92. Be5 Be8 93.
Bg7 Bh5 94. Bf6 Be8 95. Be5 Bh5 96. Bg7 Bg6 97. Bf6 Bh5 98. Be5 {
Game drawn by repetition} 1/2-1/2

[Event "ICS rated blitz match"]
[Site "204.178.125.65"]
[Date "1999.09.06"]
[Round "?"]
[White "Hossa"]
[Black "Beadle"]
[Result "0-1"]
[WhiteElo "2457"]
[BlackElo "2487"]
[PlyCount "155"]
[EventDate "1999.??.??"]

1. e4 Nc6 2. d4 d5 3. e5 Bf5 4. Bb5 e6 5. Ne2 Bb4+ 6. c3 Be7 7. Qa4 Qd7 8. O-O
a6 9. Nd2 Rb8 10. Bxc6 Qxc6 11. Qxc6+ bxc6 12. Ng3 Bd3 13. Rd1 Bc2 14. Re1 Nh6
15. Nf3 Nf5 16. Re2 Bd1 17. Rd2 Bxf3 18. Nxf5 exf5 19. gxf3 Kd7 20. f4 Rhg8 21.
Rc2 c5 22. Be3 c4 23. b3 cxb3 24. axb3 Rxb3 25. Rxa6 Rgb8 26. c4 dxc4 27. Rxc4
R8b6 28. Ra7 Rc6 29. Rxc6 Kxc6 30. Ra6+ Kd5 31. Ra5+ Ke4 32. Ra7 Rc3 33. Ra8
Rc6 34. h3 h5 35. Rh8 h4 36. Kh2 Rg6 37. Re8 Re6 38. Rg8 Rg6 39. Rb8 c6 40. Rc8
Kf3 41. Rh8 Ke2 42. Rb8 Re6 43. Kg2 Rg6+ 44. Kh1 Kf3 45. Re8 Re6 46. Kh2 Ke4
47. Rg8 Rg6 48. Ra8 Kd5 49. Ra7 Re6 50. f3 Kc4 51. Kg2 Kc3 52. Kf1 Kd3 53. Kf2
g6 54. Rd7 f6 55. Rc7 Bb4 56. Rf7 Re8 57. d5 fxe5 58. fxe5 cxd5 59. f4 Re7 60.
Rf6 d4 61. Bxd4 Kxd4 62. Rxg6 Ra7 63. Rh6 Ke4 64. Rc6 Ra2+ 65. Kf1 Kxf4 66. e6
Kf3 67. Rc1 Bc5 68. Ke1 Be3 69. Rb1 Re2+ 70. Kd1 Bf4 71. Rb6 Kf2 72. e7 Rxe7
73. Rb4 Be3 74. Rb5 f4 75. Kc2 f3 76. Kd3 Kg2 77. Ra5 f2 78. Ra2 {Hossa resigns
} 0-1

[Event "ICS rated blitz match"]
[Site "204.178.125.65"]
[Date "1999.09.10"]
[Round "?"]
[White "Hossa"]
[Black "Beadle"]
[Result "0-1"]
[WhiteElo "2486"]
[BlackElo "2507"]
[PlyCount "160"]
[EventDate "1999.??.??"]

1. d4 d5 2. c4 e6 3. Nc3 Nf6 4. Nf3 Be7 5. Bg5 h6 6. Bxf6 Bxf6 7. cxd5 exd5 8.
e3 c6 9. Be2 Bf5 10. O-O Nd7 11. Bd3 Bxd3 12. Qxd3 O-O 13. Rac1 Be7 14. Rc2 Kh8
15. Rfc1 Qb6 16. Qf5 Rad8 17. Ne2 Bd6 18. a3 Nf6 19. Nc3 Rfe8 20. Rd2 Ne4 21.
Nxe4 dxe4 22. Ne1 Qc7 23. Qh5 Kh7 24. Rdc2 g6 25. Qh4 Re6 26. Rc4 Be7 27. Qh3
Rd5 28. f4 exf3 29. Qxf3 Rf5 30. Qe2 Qf4 31. R1c3 Qe4 32. Nf3 b5 33. d5 Qxd5
34. Rd4 Qa2 35. Rd1 Bf6 36. Nd4 Bxd4 37. Rxd4 Ref6 38. Rd2 Qb1+ 39. Rd1 Rf2 40.
Rxb1 Rxe2 41. Rf1 Rd6 42. Rxf7+ Kg8 43. Rf2 Rd1+ 44. Rf1 Rdd2 45. Rf6 Rxg2+ 46.
Kf1 Rxh2 47. Kg1 Rdg2+ 48. Kf1 Rxb2 49. Kg1 Rbg2+ 50. Kf1 Ra2 51. Kg1 Rhg2+ 52.
Kh1 c5 53. Rxc5 Rh2+ 54. Kg1 Rag2+ 55. Kf1 Rb2 56. Kg1 Rhe2 57. Kf1 Red2 58.
Rc1 Kg7 59. Rf3 Rbc2 60. Rxc2 Rxc2 61. e4 Rc4 62. Re3 Kf6 63. e5+ Ke6 64. Rg3
g5 65. Rh3 Rh4 66. Re3 h5 67. Kg2 Rd4 68. Rg3 g4 69. Rc3 Rc4 70. Rd3 h4 71. Re3
Rc5 72. a4 bxa4 73. Re4 Rc2+ 74. Kg1 a3 75. Re1 g3 76. Ra1 a2 77. Rf1 h3 78.
Rd1 Rb2 79. Rd2 Rb1+ 80. Rd1 80... Rxd1# {Hossa checkmated} 0-1

[Event "ICS rated blitz match"]
[Site "204.178.125.65"]
[Date "1999.10.11"]
[Round "?"]
[White "Hossa"]
[Black "Beadle"]
[Result "1/2-1/2"]
[WhiteElo "2373"]
[BlackElo "2513"]
[PlyCount "159"]
[EventDate "1999.??.??"]

1. d4 d5 2. c4 c6 3. Nf3 Nf6 4. Nc3 dxc4 5. a4 Bf5 6. e3 e6 7. Bxc4 Bb4 8. O-O
Nbd7 9. Qe2 O-O 10. e4 Bg6 11. Na2 Qb6 12. Nxb4 Qxb4 13. Bd3 Bh5 14. Qe1 Qb6
15. a5 Qc7 16. Ng5 h6 17. Nh3 e5 18. dxe5 Nxe5 19. Bc2 Bg4 20. f4 Ned7 21. Nf2
Be6 22. e5 Ne8 23. Qe4 g6 24. Qe2 Ng7 25. Rd1 b6 26. Bd2 Nf5 27. axb6 axb6 28.
Bc3 Rxa1 29. Rxa1 Rd8 30. Ng4 Kh7 31. Rd1 Nc5 32. Kh1 Rxd1+ 33. Qxd1 Nd7 34.
Bd3 h5 35. Nf2 Nc5 36. Bb1 Qe7 37. Nh3 Kg8 38. Ng5 Ne3 39. Qf3 Nd5 40. Bd4 Bg4
41. Qf2 Qa7 42. Bxc5 bxc5 43. Qf1 Qb6 44. Qc1 Qb4 45. h3 Bd7 46. Ba2 Bf5 47.
Bc4 Kf8 48. b3 Kg8 49. Qa1 Qd2 50. Nf3 Qxf4 51. Qa8+ Kh7 52. Qxc6 Qc1+ 53. Ng1
Nf4 54. Qc7 Be4 55. Qxf7+ Kh6 56. h4 Bxg2+ 57. Kh2 Bd5 58. Qf8+ Kh7 59. Qe7+
Kh8 60. Bxd5 Qd2+ 61. Kg3 Nxd5 62. Qf8+ Kh7 63. Nf3 Qd3 64. Qxc5 Qxb3 65. Qf8
Qd3 66. e6 Qe3 67. Qd6 Nc3 68. Qc7+ Kg8 69. Qf7+ Kh8 70. e7 Ne4+ 71. Kh3 Nd6
72. Qf8+ Kh7 73. Qf6 Qd3 74. Qf4 Nf5 75. e8=Q Qf1+ 76. Kh2 Qf2+ 77. Kh1 Qf1+
78. Kh2 Qf2+ 79. Kh1 Qf1+ 80. Kh2 {Game drawn by repetition} 1/2-1/2

[Event "ICS rated blitz match"]
[Site "204.178.125.65"]
[Date "1999.09.25"]
[Round "?"]
[White "Hossa"]
[Black "Beadle"]
[Result "0-1"]
[WhiteElo "2465"]
[BlackElo "2483"]
[PlyCount "76"]
[EventDate "1999.??.??"]

1. e4 Nc6 2. Nf3 d5 3. exd5 Qxd5 4. Nc3 Qa5 5. Bc4 Nf6 6. O-O Bg4 7. Bb5 e6 8.
Bxc6+ bxc6 9. h3 Bh5 10. Qe2 Qf5 11. Qe5 Bxf3 12. Qxf5 exf5 13. gxf3 Bd6 14. d3
O-O 15. Ne2 Rab8 16. Nd4 Rfe8 17. Nxf5 Rb5 18. Nd4 Rh5 19. Kg2 c5 20. Nc6 Re2
21. Nxa7 Rxc2 22. Nc6 Rd5 23. Re1 Rxd3 24. Rb1 c4 25. Bg5 Bc5 26. Ne5 Rxf2+ 27.
Kg3 Nh5+ 28. Kh4 Rd4+ 29. Ng4 f6 30. Rf1 Rg2 31. f4 fxg5+ 32. Kxh5 g6+ 33. Kxg5
Be7+ 34. Kh6 Rd3 35. Rf3 Rxf3 36. Rh1 Rxh3+ 37. Rxh3 Rxg4 38. b3 38... Bf8# {
Hossa checkmated} 0-1

[Event "ICS rated blitz match"]
[Site "204.178.125.65"]
[Date "1999.09.13"]
[Round "?"]
[White "Hossa"]
[Black "Beadle"]
[Result "1/2-1/2"]
[WhiteElo "2432"]
[BlackElo "2519"]
[PlyCount "123"]
[EventDate "1999.??.??"]

1. d4 d5 2. Bg5 Nf6 3. Nd2 Bf5 4. e3 e6 5. Bxf6 Qxf6 6. Ngf3 Nc6 7. Bb5 Bd6 8.
O-O O-O 9. Re1 Ne7 10. e4 dxe4 11. Nxe4 Bxe4 12. Rxe4 Qg6 13. Bd3 f5 14. Re2
Nd5 15. Ne5 Qg5 16. Re1 Rad8 17. Nf3 Qg6 18. Kh1 c6 19. c4 Nb4 20. Be2 c5 21.
a3 Nc6 22. d5 Ne5 23. Qb3 Ng4 24. Kg1 b6 25. Rad1 Qh6 26. h3 Ne5 27. Nxe5 Bxe5
28. Bf3 Qf6 29. dxe6 Rxd1 30. Rxd1 Kh8 31. Bd5 Bxb2 32. Qb5 Bd4 33. Qd7 Qg6 34.
e7 Re8 35. Bc6 Rg8 36. Re1 h5 37. e8=Q Rxe8 38. Rxe8+ Kh7 39. Bd5 Qg5 40. Bg8+
Kh6 41. Re6+ Bf6 42. g3 h4 43. Qxa7 hxg3 44. Qxb6 gxf2+ 45. Kxf2 Qh4+ 46. Kg2
Qg5+ 47. Kf3 Qh5+ 48. Ke3 Qxh3+ 49. Kd2 Qc3+ 50. Kd1 Qd4+ 51. Ke1 Qg1+ 52. Ke2
Qg2+ 53. Kd1 Qf1+ 54. Kd2 Qf2+ 55. Re2 Qd4+ 56. Kc1 Qc3+ 57. Kd1 Qa1+ 58. Kc2
Qc3+ 59. Kb1 Qa1+ 60. Kc2 Qc3+ 61. Kb1 Qa1+ 62. Kc2 {Game drawn by repetition}
1/2-1/2

[Event "ICS rated blitz match"]
[Site "204.178.125.65"]
[Date "1999.09.30"]
[Round "?"]
[White "Hossa"]
[Black "Beadle"]
[Result "1-0"]
[WhiteElo "2466"]
[BlackElo "2460"]
[Annotator "Fritz 5.32 (20s)"]
[PlyCount "43"]
[EventDate "1999.??.??"]

1. e4 e5 2. Nf3 Nf6 3. Nxe5 d6 4. Nf3 Nxe4 5. d4 d5 6. Bd3 Bd6 7. O-O O-O 8. c4
c6 9. Nc3 Nxc3 10. bxc3 dxc4 11. Bxc4 11... Qa5 $146 (11... Bg4 12. h3 Bh5 13.
a4 (13. g4 Bg6 14. Bg5 Qa5 15. Qd2 Nd7 16. Nh4 Kh8 17. Nxg6+ fxg6 18. Be3 Nf6
19. Bd3 Rae8 20. c4 Qd8 21. Bg5 Bb8 22. Be3 Nxg4 23. Kg2 23... Qd6 {
0-1 Pleines,M-Leis,J/Donaueschingen 1985/GER (23)}) 13... Nd7 14. Ba3 Nb6 15.
Be2 Nd5 16. Qc1 Re8 17. Bd1 Bc7 18. Ne5 Bxd1 19. Rxd1 Qf6 20. g3 Bxe5 21. dxe5
Qxe5 22. Bb2 Qf5 23. Re1 Qxh3 24. c4 Ne7 25. Qe3 h5 26. Rad1 {
Kaminski,U-Rabiega,R/Dresden 1996/CBM 53 ext/0-1 (38)}) (11... Qc7) (11... Bf5
12. Re1 Nd7 13. a4 h6 14. a5 Qf6 15. h3 Rfe8 16. Rxe8+ Rxe8 17. Be3 Be4 18. Nd2
Bg6 19. Qb3 b5 20. axb6 axb6 21. Ra7 Qd8 22. Bf1 b5 23. c4 Bb8 24. Ra1 bxc4 25.
Nxc4 Qc7 26. g3 Qd8 27. Bg2 Qf6 28. Qb7 Nf8 29. Ra8 {
1-0 Krisko,D-Polacek,J/Hlohovec 1975/MCD (29)}) 12. Ng5 12... Qxc3 $2 $16 (
12... Be7 $142 {und Schwarz spielt mit} 13. Ne4 13... Nd7 $11) 13. Qh5 {
Droht Matt: Qxh7} 13... Bf5 $4 $18 {Schwarz bricht voellig ein} (13... Qc2 $142
14. Bxf7+ 14... Kh8 $18) 14. Bxf7+ 14... Kh8 {Droht Nd7} 15. Nxh7 $1 {
die Pointe. Mit der Mattdrohung Nxf8} 15... Bg4 (15... Bxh7 $4 {
Schwarz kann den Springer nicht nehmen} 16. Bg6 Bxh2+ 17. Kxh2 Qh3+ 18. Qxh3
Rxf2 19. Qxh7#) 16. Qh4 $1 {die Entscheidung} 16... Bh5 (16... Rxf7 $4 {
den Laeufer zu nehmen, verliert} 17. Nf6+ Bh5 18. Qxh5#) 17. Nxf8 $1 {
das war die Absicht} 17... Bf4 (17... Qa5 {macht keinen grossen Unterschied}
18. Ng6+ Kh7 19. Qe4 Bxh2+ 20. Kh1 Qd2 21. Nf8+ Kh6 22. Bxd2+ Bf4 23. Bxf4+ g5
24. Qh7#) 18. Qxh5+ Bh6 19. Bxh6 Qh3 (19... Qf3 {holt die Kuh nicht vom Eis}
20. gxf3 g5 21. Bxg5+ Kg7 22. Ne6#) 20. gxh3 g5 21. Bxg5+ Kg7 22. Ne6# 1-0

[Event "ICS rated blitz match"]
[Site "204.178.125.65"]
[Date "1999.09.30"]
[Round "?"]
[White "Hossa"]
[Black "Beadle"]
[Result "0-1"]
[WhiteElo "2471"]
[BlackElo "2430"]
[PlyCount "97"]
[EventDate "1999.??.??"]

1. e4 c6 2. d4 d5 3. e5 Bf5 4. Nf3 e6 5. Be2 Nd7 6. O-O f6 7. exf6 Ngxf6 8. Nh4
Bd6 9. Nxf5 exf5 10. Bd3 Ne4 11. Qh5+ g6 12. Qh6 Qb6 13. c3 O-O-O 14. Re1 Nef6
15. Be2 Rde8 16. Qd2 Re4 17. Qd1 Qc7 18. h3 Rhe8 19. Nd2 R4e6 20. c4 Kb8 21.
Kh1 dxc4 22. Nxc4 Bb4 23. Bd2 Ne4 24. Be3 f4 25. Rf1 fxe3 26. fxe3 Ng3+ 27. Kg1
Nxf1 28. Bxf1 b5 29. a3 Bf8 30. Qb3 Ka8 31. Nd2 Rxe3 32. Qc2 Qd6 33. Nf3 Bg7
34. Rd1 Rxf3 35. gxf3 Bxd4+ 36. Kh1 Nc5 37. b4 Ne6 38. a4 bxa4 39. Qxa4 Rf8 40.
Rc1 Rxf3 41. Bg2 Rxh3+ 42. Bxh3 Qd5+ 43. Kh2 Qe5+ 44. Kh1 Qe4+ 45. Kh2 Qf4+ 46.
Kg2 Qd2+ 47. Kh1 Qxc1+ 48. Qd1 Qxd1+ 49. Kg2 {Hossa resigns} 0-1

[Event "ICS rated blitz match"]
[Site "204.178.125.65"]
[Date "1999.10.02"]
[Round "?"]
[White "Hossa"]
[Black "BeckyB"]
[Result "1-0"]
[WhiteElo "2421"]
[BlackElo "2355"]
[PlyCount "51"]
[EventDate "1999.??.??"]

1. e4 c6 2. d4 d5 3. exd5 cxd5 4. c4 Nf6 5. Nc3 e6 6. Nf3 Be7 7. Bd3 dxc4 8.
Bxc4 O-O 9. O-O Nc6 10. Bg5 b6 11. Rc1 Bb7 12. Bb5 Rc8 13. Bxc6 Bxc6 14. Ne5
Ba8 15. Re1 a6 16. Qd2 b5 17. Qe3 h6 18. Bh4 Nd7 19. Bxe7 Qxe7 20. Nd3 Nf6 21.
Nc5 b4 22. Ne2 Nd5 23. Qe5 a5 24. Nf4 Rfd8 25. Ncxe6 Qg5 26. Nxg5 {
BeckyB resigns} 1-0

[Event "ICS rated blitz match"]
[Site "204.178.125.65"]
[Date "1999.08.29"]
[Round "?"]
[White "Hossa"]
[Black "Biblos"]
[Result "1-0"]
[WhiteElo "2457"]
[BlackElo "2355"]
[PlyCount "91"]
[EventDate "1999.??.??"]

1. d4 Nf6 2. Nf3 g6 3. c4 Bg7 4. Nc3 O-O 5. e4 d6 6. Be2 e5 7. O-O Nc6 8. d5
Ne7 9. Bg5 h6 10. Bh4 Nh5 11. b3 f5 12. Nd2 Nf4 13. Bf3 g5 14. Bg3 Nxg2 15.
Bxg2 f4 16. Nf3 g4 17. Bh4 gxf3 18. Qxf3 Bf6 19. Qh5 Kh7 20. Bxf6 Rxf6 21. Kh1
Qf8 22. Rg1 Bd7 23. Rad1 Rg6 24. Bh3 Qf7 25. Rxg6 Nxg6 26. Bxd7 Qxd7 27. Rg1
Rg8 28. Nb5 a6 29. Nc3 Qf7 30. a4 Qf6 31. Qh3 Rg7 32. Qc8 Qh4 33. Rg2 f3 34.
Rg3 Qf4 35. Qf5 Qc1+ 36. Rg1 Qxg1+ 37. Kxg1 Kg8 38. Kf1 Nf4 39. a5 Rg5 40. Qc8+
Kg7 41. Qxc7+ Kg6 42. Qxd6+ Kh5 43. Qf6 Kh4 44. Qxh6+ Rh5 45. Qg7 Kh3 46. Qg3#
{Biblos checkmated} 1-0

[Event "ICS rated blitz match"]
[Site "204.178.125.65"]
[Date "1999.08.29"]
[Round "?"]
[White "Hossa"]
[Black "Biblos"]
[Result "1-0"]
[WhiteElo "2447"]
[BlackElo "2365"]
[PlyCount "83"]
[EventDate "1999.??.??"]

1. e4 c5 2. Nf3 Nc6 3. Bc4 e6 4. Bb5 Nge7 5. d3 a6 6. Bxc6 Nxc6 7. Bg5 Be7 8.
Bxe7 Qxe7 9. O-O O-O 10. c4 b5 11. Na3 Rb8 12. b3 f5 13. e5 d6 14. Qe2 d5 15.
cxd5 exd5 16. Rae1 Be6 17. Nb1 d4 18. Nbd2 h6 19. Rc1 Rfc8 20. Rfe1 Nb4 21. a4
Nd5 22. Qf1 Nc3 23. axb5 axb5 24. Rc2 Ra8 25. b4 cxb4 26. Nxd4 b3 27. N2xb3 Ra3
28. Nxe6 Qxe6 29. Nd4 Qd5 30. Nxf5 Qc5 31. d4 Qc7 32. Nd6 Rb8 33. Rec1 b4 34.
Qd3 Ra5 35. Qg6 Qd7 36. Nf5 Ra7 37. e6 Qe8 38. Nxh6+ Kf8 39. Qf5+ Ke7 40. Qc5+
Kf6 41. Ng4+ Kg6 42. Qxa7 {Biblos resigns} 1-0

[Event "ICS rated blitz match"]
[Site "204.178.125.65"]
[Date "1999.08.29"]
[Round "?"]
[White "Hossa"]
[Black "Biblos"]
[Result "1-0"]
[WhiteElo "2500"]
[BlackElo "2403"]
[PlyCount "61"]
[EventDate "1999.??.??"]

1. e4 e6 2. d4 c5 3. Nf3 cxd4 4. Nxd4 Nc6 5. Bb5 Nf6 6. Nxc6 bxc6 7. Bd3 d5 8.
exd5 cxd5 9. O-O Bd6 10. Re1 O-O 11. Nc3 Qb6 12. Rb1 Ba6 13. Bxa6 Qxa6 14. Bg5
Nd7 15. Qg4 Rfc8 16. Bh6 Bf8 17. Rbd1 Rab8 18. Bc1 Nc5 19. Re5 Nd7 20. Ree1 Rb4
21. Qg5 f6 22. Qh5 Ne5 23. f4 Bc5+ 24. Kh1 Nc4 25. f5 Nxb2 26. Bxb2 Rxb2 27.
fxe6 Rxc2 28. Qf7+ Kh8 29. e7 Bxe7 30. Rxe7 Rg8 31. Re8 {Biblos resigns} 1-0

[Event "ICS rated blitz match"]
[Site "204.178.125.65"]
[Date "1999.08.30"]
[Round "?"]
[White "Hossa"]
[Black "BlondeKramnik"]
[Result "1-0"]
[WhiteElo "2467"]
[BlackElo "2418"]
[PlyCount "147"]
[EventDate "1999.??.??"]

1. e4 e6 2. d4 d5 3. Nc3 Bb4 4. e5 c5 5. a3 Bxc3+ 6. bxc3 Qc7 7. Nf3 Bd7 8. Bd3
Ba4 9. O-O c4 10. Be2 h6 11. Rb1 Nd7 12. Rb4 Nb6 13. Be3 Ne7 14. Qd2 Nc6 15.
Rb2 Qe7 16. Ra1 O-O-O 17. Qe1 g5 18. Qd2 f5 19. exf6 Qxf6 20. Ne5 Ne7 21. Bh5
Rhf8 22. Re1 Nf5 23. Qe2 Kb8 24. Bd2 Be8 25. Bf3 Nh4 26. Qf1 Nd7 27. Nc6+ Ka8
28. Nxd8 Nxf3+ 29. gxf3 Qxd8 30. Qh3 Bf7 31. Qxh6 Qf6 32. Qxf6 Nxf6 33. Bxg5
Rg8 34. h4 Nh5 35. Kh2 Ng7 36. Bf6 Nf5 37. Re5 Kb8 38. Rb1 Kc7 39. Rg1 Rxg1 40.
Kxg1 Kd6 41. Kg2 Bh5 42. Re1 b6 43. f4 Nh6 44. f3 Nf5 45. Re5 Bf7 46. Kf2 Bh5
47. Re1 Be8 48. Re2 b5 49. Re1 a5 50. Rg1 Bd7 51. h5 Be8 52. Rg5 Bf7 53. Be5+
Ke7 54. Bc7 a4 55. Be5 Be8 56. Ke1 Bf7 57. Kd1 Be8 58. Kd2 Bf7 59. Kc1 Be8 60.
Kd1 Bf7 61. Kd2 Be8 62. Bc7 Bf7 63. Ba5 Be8 64. Bb4+ Kf6 65. Kd1 Bf7 66. Kc1
Ne3 67. Ba5 Nf5 68. Bd8+ Ne7 69. Re5 Be8 70. h6 Bg6 71. Rg5 Bf5 72. Bxe7+ Kxe7
73. Rxf5 exf5 74. h7 {BlondeKramnik resigns} 1-0

[Event "ICS rated blitz match"]
[Site "204.178.125.65"]
[Date "1999.09.26"]
[Round "?"]
[White "Hossa"]
[Black "BoYzOnE"]
[Result "1-0"]
[WhiteElo "2423"]
[BlackElo "2422"]
[PlyCount "110"]
[EventDate "1999.??.??"]

1. e4 c5 2. c3 d6 3. d4 cxd4 4. cxd4 e6 5. Nc3 Nf6 6. Bd3 Be7 7. Nge2 O-O 8.
O-O d5 9. f3 Nc6 10. Be3 Bd7 11. e5 Ne8 12. Qc2 h6 13. Rac1 Nb4 14. Bh7+ Kh8
15. Qb1 Rc8 16. a3 Na6 17. Bd3 Nb8 18. Rc2 a6 19. Rfc1 b5 20. Qa2 Nc6 21. Qb1
Na5 22. Nf4 Nc4 23. Bf2 Nc7 24. Nce2 Na8 25. Qa2 Nab6 26. Be1 Qe8 27. Qb3 Qd8
28. Bg3 Qc7 29. Qc3 Qa7 30. Qe1 Bg5 31. Qf2 a5 32. Kh1 b4 33. axb4 axb4 34. b3
Na3 35. Rc5 Be7 36. Rxc8 Rxc8 37. Rxc8+ Bxc8 38. Qf1 Qc7 39. Qd1 Bd7 40. Kg1
Nc8 41. Nxd5 exd5 42. e6 Bd6 43. exd7 Qxd7 44. Be1 Nb6 45. Bd2 Qe7 46. Qe1 Na8
47. f4 Nc7 48. Qc1 Ncb5 49. Qc8+ Qf8 50. Qf5 g6 51. Qxd5 Qe7 52. Bxb5 Nxb5 53.
Qxb5 Qf6 54. Bxb4 Qf5 55. Qxf5 55... Bxb4 {BoYzOnE resigns} 1-0

[Event "ICS rated blitz match"]
[Site "204.178.125.65"]
[Date "1999.10.11"]
[Round "?"]
[White "Hossa"]
[Black "Boris-Vandam"]
[Result "1-0"]
[WhiteElo "2428"]
[BlackElo "2137"]
[PlyCount "63"]
[EventDate "1999.??.??"]

1. e4 g6 2. d4 Bg7 3. Nf3 d6 4. Bc4 Nc6 5. Bb5 a6 6. Bxc6+ bxc6 7. Bg5 Nf6 8.
Nbd2 O-O 9. O-O Rb8 10. Rb1 Bg4 11. Qe2 h6 12. Bxf6 Bxf6 13. Qxa6 Qc8 14. Qxc6
Bd7 15. Qc3 e5 16. dxe5 dxe5 17. Nxe5 Re8 18. f4 Bb5 19. Rfd1 Be2 20. Re1 Bb5
21. Ndf3 Qb7 22. Qb3 c5 23. c4 Bc6 24. Qxb7 Bxe4 25. Qxf7+ Kh8 26. Qxf6+ Kh7
27. Qf7+ Kh8 28. Rxe4 Rxe5 29. Nxe5 Rg8 30. Nxg6+ Rxg6 31. Qxg6 h5 32. Re8# {
Boris-Vandam checkmated} 1-0

[Event "ICS rated blitz match"]
[Site "204.178.125.65"]
[Date "1999.10.10"]
[Round "?"]
[White "Hossa"]
[Black "Botman"]
[Result "0-1"]
[WhiteElo "2511"]
[BlackElo "2595"]
[PlyCount "150"]
[EventDate "1999.??.??"]

1. e4 c5 2. Nf3 Nc6 3. d4 cxd4 4. Nxd4 Nf6 5. Nc3 d6 6. Bg5 e6 7. Qd2 Be7 8.
Be2 O-O 9. O-O Nxe4 10. Nxe4 Nxd4 11. Qxd4 Bxg5 12. Qxd6 f5 13. Qxd8 Bxd8 14.
Nd6 Be7 15. Rad1 Rd8 16. Nc4 g5 17. Rfe1 Rxd1 18. Bxd1 Kg7 19. a4 Bd7 20. c3
Rd8 21. Bf3 Bc8 22. Na5 Rd2 23. Bxb7 Bxb7 24. Nxb7 Rxb2 25. Na5 Bf6 26. Nc6
Bxc3 27. Rc1 a6 28. h4 Bd2 29. Rd1 gxh4 30. Ne5 Ra2 31. Nd3 a5 32. Nc5 Kf6 33.
Nd7+ Ke7 34. Ne5 Bc3 35. Nc6+ Kf6 36. Rc1 Bb4 37. Rc4 Ra1+ 38. Kh2 Bd6+ 39. f4
Rf1 40. g3 Rf3 41. Rd4 Bc5 42. Rc4 Be3 43. gxh4 Bxf4+ 44. Kg2 Rg3+ 45. Kf2 Rg4
46. Nxa5 Rxh4 47. Rc6 h5 48. Nb7 Ke7 49. Nc5 Bd6 50. Nb7 Be5 51. a5 Kd7 52. Rc1
Bd4+ 53. Ke2 Re4+ 54. Kd3 e5 55. Rf1 Re3+ 56. Kc4 f4 57. Kd5 Ra3 58. Rc1 f3 59.
Rc6 f2 60. Rf6 Kc7 61. Rf7+ Kb8 62. Nd6 Rxa5+ 63. Ke6 e4 64. Rf8+ Kc7 65. Rc8+
Kb6 66. Rc1 e3 67. Nc4+ Ka6 68. Nd6 e2 69. Rc6+ Bb6 70. Nc4 e1=Q+ 71. Kd6 Rb5
72. Na3 Qe5+ 73. Kd7 Rd5+ 74. Rd6 Rxd6+ 75. Kc8 75... Rd8# {Hossa checkmated}
0-1